000 00748cam a2200277 4500
008 090401t1995 xxu||||| |||| 00| 0 eng d
020 _a0854067159
035 _a(Sirsi) u62957
041 _aeng
050 _a333.109667
090 _aRICS 1995/87ABCD
100 _aAntwi, Adarkwah
245 3 _aAn economic perspective of land policy implementation in a developing economy: the case of Accra, Ghana.
260 _aLondon
_bRICS
_c1995
300 _a16p. ; 30cm.
350 _a4.95
490 _aRICS Foundation Our Common Estate Series
650 _aAFRICA
650 _aCUSTOMARY LAND
650 _aLAND OWNERSHIP
650 _aPROPERTY LAW
650 _aURBAN LAND
690 _aLAND
942 _n0
948 _c04/03/1997
999 _c94494
_d94494